| 000 | 00491nam a2200181Ia 4500 | ||
|---|---|---|---|
| 005 | 20260531145103.0 | ||
| 008 | 260531s9999 xx 000 0 und d | ||
| 020 | _a9780070669093 | ||
| 041 | _aEnglish | ||
| 082 | _a681.3.423.1 BAL | ||
| 100 | _aBalagurusamy (E) | ||
| 245 | 0 | _aComputing Fundamentals & C Programming | |
| 260 |
_bTata Mcgraw-Hill Education Private Limited _aNew Delhi _c2011 |
||
| 300 |
_bPaper Back _a508+12 |
||
| 563 | _aPaper Back | ||
| 650 | _a C | ||
| 942 | _cBK | ||
| 999 |
_c195000 _d195000 |
||